ZÁHREB

Bibliographic Details
Main Author: Jurík, Marián, 1933-1999 (Author)
Format: Article
Language:Slovak

MARC

LEADER 00000nab a2200000uu 4500
001 vtls010886631
003 SK-MaSNL
005 20260303145304.0
008 230222|1967 xo |||||||||||||||||slo|
015 |a SNBRB 
035 |a (urnnbn)urn:nbn:sk:snk:ar-002isx 
035 |a (uuid)d0bb8788-8a43-49be-8e15-d1665da7af7d 
035 |a urn:nbn:sk:snk-ab8hf2 
040 |a SNKBUCL  |b slo  |c SNKBUCL  |e AACR2 
041 0 |a slo 
044 |a xo  |c SK 
100 1 |a Jurík, Marián,  |d 1933-1999  |4 aut  |9 114076 
245 1 0 |a ZÁHREB  |c Marián Jurík 
773 0 |t Slovenská hudba : revue pre hudobnú kultúru  |g Roč. 11, č. 10 (1967), s. 454-457 
954 |a odborná, vedecká literatúra pôvodná (slovenská)  |2 lita 
958 |a OND 
958 |a EUIPO 
958 |a article10 
999 |c 2002005  |d 2003935